000 00325 a2200157 4500
001 44941
020 _a
040 _cAnchieta - Aquarius
100 _aKleinert, Mônica Biernaski
240 1 0 _aVovó anjo
_lpor
245 1 0 _aVovó anjo
300 _a16
362 0 _a2008
650 4 _aLiteratura infantil
942 _cBK
999 _c44941
_d44941